Služby - tažný kůň ekonomiky Veľká Británia

Sektor trhových služieb vo Veľkej Británii. Zamestnanosť v sektore trhových služieb. Rozdiely v zamestnanosti a v cenovej dynamike v sektore výroby tovarov a v službách.

Salvato in:
Dettagli Bibliografici
Autore principale: Juliusová, DeAnne
Natura: Capitolo di libro
Lingua:ceco
Soggetti:
Tags: Aggiungi Tag
Nessun Tag, puoi essere il primo ad aggiungerne!!

MARC

LEADER 00000naa a2200000 4500
001 r035381
005 20230920100005.3
041 0 |a cze 
044 |a CZ 
245 1 0 |a Služby - tažný kůň ekonomiky  |b Veľká Británia  |c DeAnne Juliusová 
520 |a Sektor trhových služieb vo Veľkej Británii. Zamestnanosť v sektore trhových služieb. Rozdiely v zamestnanosti a v cenovej dynamike v sektore výroby tovarov a v službách. 
610 2 0 |a vývoj hospodársky 
610 2 0 |a služby trhové 
610 2 0 |a nezamestnanosť 
610 2 0 |a miera inflácie 
610 2 0 |a ceny služieb 
610 2 0 |a produktivita práce 
610 2 0 |a mzdy priemerné 
610 2 0 |a Veľká Británia 
100 1 |a Juliusová, DeAnne